000 00465nam a2200169 i 4500
001 36387
003 ES-MaACL
005 20250729062620.0
008 030218s1969 sp |||| | spa d
100 1 _aBugeda Sánchiz, José.
_932444
245 1 0 _aY el pueblo al fondo /
_cJosé Bugeda.
260 _aBarcelona :
_bLinosa,
_c[1969]
300 _a238 p. ;
_c19 cm.
650 7 _aPolítica
_2embne
_9140345
852 _aES-MaACL
_jC-35817
999 _c36387
_d36387